00492 2200181 4500245004100000020001800041250001100059100002100070700002100091650001700112005001900129260004200148041001400190084001100204300002300215500006300238336000900301 aPerfect GiftcKezia Evi WiadjihText a9786020384276 aCet. 1 aKezia Evi Wiadji aIrna Permanasari aNovel Remaja a20230929131209 aJakartabGramedia Pustaka Utamac2018 aIndonesia a808.83 a216 hlm. :c20 cm. aOlly menyukai NikoNiko menyukai FindaKisah sepasang remaja atext